000 00261nam a2200097Ia 4500
001 1045138
005 20250826232153.0
008 250824s9999 xx 000 0 und d
245 0 _aGİDERKEN BANA BİR ŞEYLER SÖYLE
_cMUSTAFA ULUSOY
260 _bKETEBE YAYINLARI
999 _c1045138
_d1045138